Derecho administrativo Tomo I

Bibliographic Details
Main Author: Cassagne, Juan Carlos
Format: eBook
Language:Spanish
Published: Lima: Palestra Editores, 2017
Subjects:
Online Access:Acceso restringido

MARC

LEADER 00000nam a22000007a 4500
005 20190815002251.0
007 cr|||| ||||
008 190815s2017 pe |||||s|||| 00||0 spa d
020 |a 978-612-4218-84-2 
035 |a 24062 
040 |a vLex 
090 |c 9194  |d 9194 
100 1 |a Cassagne, Juan Carlos 
245 1 0 |a Derecho administrativo  |h [Recurso electrn̤ico] /  |c Juan Carlos Cassagne  |n Tomo I 
256 |a Servicio en ln̕ea 
260 |a Lima:  |b Palestra Editores,  |c 2017 
300 |a 1 recurso electrn̤ico 
506 1 |a Disponible solo en los productos indicados  |d vLex Global  |d vLex Global (Academic Edition, excluding Law Schools)  |d vLex Global (U.S. Academic Edition, Law Schools)  |d vLex Global (U.S. Academic Edition, excluding Law Schools)  |d vLex Global (Academic Edition, Law Schools) 
650 0 4 |a Derecho Pb︢lico y Administrativo  |z Per︢ 
740 0 |a vLex Libros (Servicio en ln̕ea) 
856 4 0 |u http://vlex.com/source/derecho-administrativo-tomo-i-24062  |z Acceso restringido 
942 |c BOOK 
999 0 |a Public and Administrative Law